000 00616nam a2200205Ia 4500
003 GCL
008 140319s9999 xx 000 0 eng d
040 _aGCL /
_cGCL
082 0 4 _a005.4469
_bA M
100 1 _aAUVIL, MARY
245 1 0 _aMS\PC-DOS: CONCEPTS, EXERCISES AND APPLICATIONS, 3er ed /
_cAUVIL, MARY
700 1 _aARNTSON, LJAYCE
700 1 _aSLOCKLER, BARBARA F
260 _a[S.N] :
_bWADSWORTH PUBLISHING COMPANY ،
_c1994
300 _a450 P
650 0 4 _aPC-DOS (COMPUTER FILE)
650 0 4 _aMS - DOS ( COMPUTER OPERATING SYSTEM )
650 0 4 _aOPERATINGS SYSTEMS COMPUTERS
942 _2ddc
_cBK
999 _c10358
_d10358